<?xml version="1.0" encoding="UTF-8"?>
<record
    xmlns:xsi="http://www.w3.org/2001/XMLSchema-instance"
    xsi:schemaLocation="http://www.loc.gov/MARC21/slim http://www.loc.gov/standards/marcxml/schema/MARC21slim.xsd"
    xmlns="http://www.loc.gov/MARC21/slim">

  <leader>01273nas0a22003011i 4500</leader>
  <controlfield tag="001">RU\NLR\DRGNLR\1250</controlfield>
  <controlfield tag="005">20240729012445.0</controlfield>
  <datafield tag="035" ind1=" " ind2=" ">
    <subfield code="a">(NLR Aleph) 010309821</subfield>
  </datafield>
  <datafield tag="090" ind1=" " ind2=" ">
    <subfield code="a">10633161</subfield>
    <subfield code="c">10633161</subfield>
  </datafield>
  <datafield tag="100" ind1=" " ind2=" ">
    <subfield code="a">20080514b1906    u  y0rusy50      ca</subfield>
  </datafield>
  <datafield tag="101" ind1="0" ind2=" ">
    <subfield code="a">rus</subfield>
  </datafield>
  <datafield tag="102" ind1=" " ind2=" ">
    <subfield code="a">RU</subfield>
  </datafield>
  <datafield tag="110" ind1=" " ind2=" ">
    <subfield code="a">cya||||||||</subfield>
  </datafield>
  <datafield tag="200" ind1="1" ind2=" ">
    <subfield code="a">&#x414;&#x435;&#x432;&#x44F;&#x442;&#x44B;&#x439; &#x432;&#x430;&#x43B;</subfield>
    <subfield code="e">&#x415;&#x436;&#x435;&#x434;&#x43D;. &#x433;&#x430;&#x437;.</subfield>
    <subfield code="f">&#x420;&#x435;&#x434;.-&#x438;&#x437;&#x434;. &#x422;.&#x410;.&#x41F;&#x430;&#x43B;&#x430;&#x432;&#x430;&#x43D;&#x434;&#x43E;&#x432;&#x430;</subfield>
  </datafield>
  <datafield tag="210" ind1=" " ind2=" ">
    <subfield code="a">&#x422;&#x438;&#x444;&#x43B;&#x438;&#x441;</subfield>
    <subfield code="d">1906, 1 &#x438;&#x44E;&#x43D;&#x44F; - 3 &#x438;&#x44E;&#x43D;&#x44F;</subfield>
  </datafield>
  <datafield tag="311" ind1=" " ind2=" ">
    <subfield code="a">&#x421; 17 &#x43F;&#x43E; 18 &#x43C;&#x430;&#x44F; 1906 &#x438;&#x437;&#x434;. &#x433;&#x430;&#x437;. "&#x41E;&#x433;&#x43D;&#x438;" (&#x441;&#x43C;. ); &#x421; 6 &#x438;&#x44E;&#x43D;&#x44F; 1906 &#x438;&#x437;&#x434;. &#x433;&#x430;&#x437;. "&lt;&#x41D;&#x430;&#x440;&#x43E;&#x434;&gt;" (&#x441;&#x43C;. )</subfield>
  </datafield>
  <datafield tag="488" ind1=" " ind2="0">
    <subfield code="1">001RU\NLR\DRGNLR\3296</subfield>
    <subfield code="1">2001#$a&#x41E;&#x433;&#x43D;&#x438;$e&#x415;&#x436;&#x435;&#x434;&#x43D;. &#x438;&#x437;&#x434;.$f&#x420;&#x435;&#x434;.-&#x438;&#x437;&#x434;. &#x41F;.&#x417;.&#x41D;&#x430;&#x441;&#x438;&#x434;&#x437;&#x435;</subfield>
    <subfield code="9">10639962</subfield>
    <subfield code="c">&#x422;&#x438;&#x444;&#x43B;&#x438;&#x441;</subfield>
    <subfield code="d">1906, 17 &#x43C;&#x430;&#x44F; - [18 &#x43C;&#x430;&#x44F;]</subfield>
    <subfield code="f">&#x420;&#x435;&#x434;.-&#x438;&#x437;&#x434;. &#x41F;.&#x417;.&#x41D;&#x430;&#x441;&#x438;&#x434;&#x437;&#x435;</subfield>
    <subfield code="o">&#x415;&#x436;&#x435;&#x434;&#x43D;. &#x438;&#x437;&#x434;.</subfield>
    <subfield code="t">&#x41E;&#x433;&#x43D;&#x438;</subfield>
  </datafield>
  <datafield tag="540" ind1="1" ind2=" ">
    <subfield code="a">&#x414;&#x435;&#x432;&#x44F;&#x442;&#x44B;&#x439; &#x432;&#x430;&#x43B;</subfield>
  </datafield>
  <datafield tag="702" ind1=" " ind2="1">
    <subfield code="a">&#x41F;&#x430;&#x43B;&#x430;&#x432;&#x430;&#x43D;&#x434;&#x43E;&#x432;&#x430;</subfield>
    <subfield code="b">&#x422;&#x430;&#x43C;. &#x410;&#x43B;-&#x434;&#x440;.</subfield>
    <subfield code="4">340</subfield>
  </datafield>
  <datafield tag="801" ind1=" " ind2="0">
    <subfield code="a">RU</subfield>
    <subfield code="b">NLR</subfield>
    <subfield code="c">20080514</subfield>
    <subfield code="g">PSBO</subfield>
    <subfield code="2">gzdor_isis</subfield>
  </datafield>
  <datafield tag="801" ind1=" " ind2="2">
    <subfield code="a">RU</subfield>
    <subfield code="b">NLR</subfield>
    <subfield code="c">20080514</subfield>
    <subfield code="g">PSBO</subfield>
    <subfield code="2">rusmarc</subfield>
  </datafield>
  <datafield tag="852" ind1=" " ind2=" ">
    <subfield code="a">NLR</subfield>
    <subfield code="j">1-&#x420;/2-&#x422;&#x438;-9</subfield>
  </datafield>
  <datafield tag="942" ind1=" " ind2=" ">
    <subfield code="c">NEWSPAPER</subfield>
  </datafield>
  <datafield tag="980" ind1=" " ind2=" ">
    <subfield code="a">DRG</subfield>
  </datafield>
</record>
